• 首页
  • 本馆介绍
  • 公告通知
  • 最新文献
  • 馆藏检索
  • 电子资源
  • 读者导购
  • 参考咨询
  • 我的图书馆
  • 登录
  • 详细信息显示
  • 放入我的书架
  • 预约/预借图书
  • 作者相关作品
  • 分类相关作品
  • 丛书相关作品
  • 出版社相关作品

书目信息

  • 表格格式
  • 工作单格式
  • 卡片格式
题名:
何启 胡礼垣评传
    
 
作者: 张礼恒 著
分册:  
出版信息: 南京   南京大学出版社  2011.04
页数: 370页
开本: 23cm
丛书名: 中国思想家评传丛书
单 册:
中图分类: B259.95
科图分类:
主题词:
电子资源:
ISBN: 978-7-305-06037-3
000 00977oam2 2200289 45
001 512
005 20120531150313.40
010    @a978-7-305-06037-3@dCNY47.00
100    @a20120328d2011 em y0chiy50 ea
101 0  @achi@deng@eeng
102    @aCN@b320000
105    @ay z 001yb
106    @ar
200 1  @a何启 胡礼垣评传@AHe Qi Hu Li Yuan Ping Chuan@f张礼恒著@FZhang Li Heng Zhu
210    @a南京@c南京大学出版社@d2011.04
215    @a370页@d23cm
225 2  @a中国思想家评传丛书@e典藏版
330    @a本书力求在前人研究的基础上,准确地把握何启、胡礼垣二人的思想脉络,最大限度地展现何启、胡礼垣二人丰富多彩的人生历程与内心世界。
461  0 @12001 @a中国思想家评传丛书
600  0 @a何启@f(1859-1914)@x评传
600  0 @a胡礼垣@f(1847-1916)@x评传
600  0 @a何启@f(1859-1914)
600  0 @a胡礼垣@f(1847-1916)
690    @aB259.95@v4
701  0 @a张礼恒@AZhang Li Heng@f(1963-)@4著
801  0 @aCN@bTSTCL@c20120328
905    @b0814811-13@dB259.95@e55@f3
    
    何启 胡礼垣评传/张礼恒著.-南京:南京大学出版社,2011.04
    370页;23cm.-(中国思想家评传丛书:典藏版)
    
    
    ISBN 978-7-305-06037-3:CNY47.00
    本书力求在前人研究的基础上,准确地把握何启、胡礼垣二人的思想脉络,最大限度地展现何启、胡礼垣二人丰富多彩的人生历程与内心世界。
●
相关链接 在E读中查询图书 在五车中查询图书 在当当中查询图书 在豆瓣中查询图书


正题名:何启 胡礼垣评传     索取号:B259.95/55         预约/预借

序号 登录号 条形码 馆藏地/架位号 状态 备注
1 0814811   208148119   第一样本阅览室/ [索取号:B259.95/55] 在馆    
2 0814812   208148128   第一借阅区/ [索取号:B259.95/55] 在馆    
3 0814813   208148137   第一借阅区/ [索取号:B259.95/55] 在馆    
唐山师范学院图书馆 欢迎您!
大连网信软件有限公司© 版权所有